00758nam a2200205 4500003000900000020001800009040002800027100004400055245003600099260003500135300002500170490008300195500010000278650002400378650002900402650002200431650003700453650002900490650003300519CO-ViMGA a9789585458437 aCO-ViMGAbspacCO-ViMGA1 aTamayo Sánchez, Guido Leonardo,d195510aJuego de niños/cGuido Tamayo aBogotábPenguin Random House a139 páginasb23 cm aPlan Nacional de Lectura y Escritura Leer es mi Cuento / Ministerio de Cultura aRecomendado para un público adulto\ Incluye datos biográficos del autor al inicio del texto14aAutores Colombianos14aFamilia En La Literatura14aInfancia - Novela14aLiteratura Colombiana - Siglo Xx14aNiños En La Literatura14aNovela Colombiana - Siglo Xx